| 000 | 00592nam a2200157 4500 | ||
|---|---|---|---|
| 008 | 170331b xxu||||| |||| 00| 0 eng d | ||
| 022 | _a01153544 | ||
| 082 | _aDPer 338.05 En86 Apr-Jul 2015 v. 15, n. 158-161 | ||
| 100 |
_919726 _aFonacier, Kristine |
||
| 245 |
_aThe upgrade: _bin the age of the budget flights, is it still worth it to spend more for travel? _cKristine Fonacier. |
||
| 260 |
_aPhilippines: _bSummit Media, _cApr-Jul 2015. |
||
| 300 |
_av15 n161, pages 89-90: _billustrations, _c28 cm. |
||
| 500 | _aEntrepreneur. | ||
| 650 | 0 |
_919727 _aBudget _xTravel |
|
| 942 |
_2ddc _cPER |
||
| 999 |
_c6526 _d6526 |
||